000 00684nam a2200217Ii 4500
003 JO-AjNU
008 230606s9999||||xx |||||||||||||| ||und||
020 _a978-1-429-07800-5
040 _aJO-AjNU
_beng
_erda
_cJO-AjNU
041 _aeng
050 1 4 _aQA76.76.D47.H427 2021
100 3 _a Freeman, Eric, Elisabeth Robson,
_eauthor
_96426
245 0 0 _aHead First Design Patterns: Building Extensible & Maintainable Object-Oriented Software
250 _a2 ed
264 3 1 _aBoston:O,PEILLY, 2020
300 _a632p
336 _atext
_btxt
_2rdacontent
337 _aunmediated
_bn
_2rdamedia
338 _avolume
_bnc
_2rdacarrier
650 4 _aHead First-Design Patterns
_96427
999 _aE3333
_c3329
_d3329